Niemiecki perfekt 2 - Statystyki

Ogólne statystyki
  • Ten quiz został rozwiązany 30 razy
  • Średni wynik to 8 z 18
Statystyki odpowiedzi
Bezokolicznik Perfekt Polski odpowiednik % Poprawnych
schwimmen hat/ist geschwommen pływać
100%
haben hat gehabt mieć
61%
halten hat gehalten trzymać
56%
helfen hat geholfen pomagać
56%
kommen ist gekommen przychodzić
56%
lesen hat gelessen czytać
50%
hängen hat gehangen wisieć
44%
lassen hat gelassen kazać, pozwalać
44%
laufen ist gelaufen biegać
44%
kennen hat gekannt znać
39%
rufen hat gerufen wołać
39%
schlafen hat geschlafen spać
33%
schreiben hat geschrieben pisać
33%
nehmen hat genommen brać
28%
scheinen hat geschienen świecić (o słońcu)
28%
schlieẞen hat geschlossen zamykać
28%
liegen hat gelegen leżeć
22%
reiten ist geritten jeździć konno
22%
Nie znaleziono quizów pasujących do podanych kryteriów
Rozkład punktacji
Procent ludzi z każdym wynikiem
Percentyl według liczby udzielonych odpowiedzi
Twoja historia wyników
Nie rozwiązałeś tego quizu